|
|
|
|
| LEADER |
00888nam a22002535a 4500 |
| 001 |
7017 |
| 003 |
BD-DhAAL |
| 005 |
20151015111601.0 |
| 008 |
151015s2011 nyu 000 0 eng |
| 010 |
|
|
|a 2012419878
|
| 020 |
|
|
|a 0132508168
|
| 020 |
|
|
|a 0131257870
|
| 020 |
|
|
|a 9780558868116
|
| 040 |
|
|
|a DLC
|c DLC
|d BD-DhAAL
|
| 082 |
|
|
|a 507.1/2173/2
|
| 245 |
0 |
0 |
|a Prentice Hall science explorer /
|c Learning Solutions.
|
| 260 |
|
|
|a New York :
|a Boston :
|b Learning Solutions,
|b Prentice Hall,
|c c2006.
|
| 300 |
|
|
|a 858 p. ;
|c 28 cm.
|
| 490 |
0 |
|
|a Cells and heredity
|
| 541 |
|
|
|e 7017
|
| 650 |
|
|
|a Science -- Study and teaching (Middle school)
|9 14628
|
| 942 |
|
|
|2 ddc
|c BK
|
| 999 |
|
|
|c 35802
|d 35802
|
| 952 |
|
|
|0 0
|1 0
|2 ddc
|4 0
|6 507_100000000000000_2173_2_PRE
|7 0
|9 56321
|a SCL
|b SCL
|c GEN
|d 2015-10-15
|e Gift: The Asia Foundation
|l 1
|m 4
|o 507.121732 PRE
|p 3020007017
|r 2019-07-25
|s 2019-07-19
|t 1
|w 2015-10-15
|y BK
|